01618nam a2200373Ia 4500001001200000003000800012006001900020007001500039008004100054010001700095020002500112020002200137020002900159020002600188020003100214020002800245040002100273035002100294050002400315245015100339260009100490300002400581500011700605504005100722533015200773650004500925650004600970655002901016700002001045700002101065710001701086856012601103999001501229ebr10281478CaPaEBRm u cr cn|||||||||081022s2009 dcua sb i101 0 eng d z 2008044234 z9780821377673 (pbk.) z0821377671 (pbk.) z9780821377697 (hardback) z0821377698 (hardback) z9780821377680 (electronic) z082137768X (electronic) aCaPaEBRcCaPaEBR a(OCoLC)56061897714aHC140.I5bN6 2009eb00aNo growth without equity?h[electronic resource] :binequality, interests, and competition in Mexico /cSantiago Levy and Michael Walton, editors. aWashington, DC :bWorld Bank ;aBasingstoke ;aNew York :bPalgrave Macmillan,cc2009. axxi, 449 p. :bill. a"This book is based on papers originally presented at a conference held in Mexico City on November 27-28, 2006". aIncludes bibliographical references and index. aElectronic reproduction.bPalo Alto, Calif. :cebrary,d2009.nAvailable via World Wide Web.nAccess may be limited to ebrary affiliated libraries. 0aIncome distributionzMexicovCongresses. 0aEconomic developmentzMexicovCongresses. 7aElectronic books.2local1 aLevy, Santiago.1 aWalton, Michael.2 aebrary, Inc.40uhttp://site.ebrary.com/lib/rucke/Doc?id=10281478zAn electronic book accessible through the World Wide Web; click to view c3483d3483